000
00470nam a2200145Ia 4500
008
100122s9999 xx 000 0 und d
082
_b
34721
_a
170.202
100
_a
कृष्णमूर्ती जे
245
_a
जीवनभाष्ये भाग 2
260
_b
ओरिएट लॉगमन
_c
1981
300
_a
350
630
_a
जीवनभाष्ये भाग 2
730
_a
जीवनभाष्ये भाग 2
942
_c
BOOK
999
_c
418200
_d
418197